000 00490nam a2200193Ia 4500
005 20250923145300.0
008 008 250917s9999 xx 000 0 eng d
037 _aPeriodicals
040 _aDSWL
_beng
_cDSWL
041 _aeng
_2eng
084 _qDSWL
245 0 _aLeprosy in India
_cby Indian Leprosy Association
260 _aNew Delhi
_bIndian Leprosy Association
_c1973
365 _aINR
_b6
490 _vVol.45
925 _g6
942 _cCR
999 _c1449434
_d1449434